March Madness Winning NCAA Colleges - Sudden Death - Statistics

General Stats
  • This quiz has been taken 168 times
  • The average score is 10 of 21
Answers on the Grid
Answers color-coded by a green-red scale on the quiz's grid according to % correct below.
Arizona
Arkansas
Baylor
Connecticut
Duke
Florida
Georgetown
Gonzaga
Indiana
Indiana St.
Kentucky
Louisville
Marquette
Maryland
Michigan
Michigan St.
North Carolina
North Carolina St.
Oakland
Ohio St.
Oklahoma
Oklahoma St.
Purdue
Rutgers
Siena
Syracuse
Tennessee
Texas
UCLA
UNLV
Vanderbilt
Villanova
Virginia
Virginia Tech
Washington
Wisconsin
 
Answer Stats
Answer % Correct
Duke
90%
Florida
78%
Connecticut
71%
Arizona
64%
Baylor
64%
North Carolina
60%
Indiana
58%
Georgetown
57%
Kentucky
49%
Michigan St.
43%
Arkansas
42%
Michigan
39%
Louisville
38%
UCLA
35%
Maryland
30%
Villanova
29%
Marquette
27%
North Carolina St.
27%
Virginia
25%
Syracuse
17%
UNLV
13%
No matching quizzes found
Score Distribution
Percent of People with Each Score
Percentile by Number Answered
Your Score History
You have not taken this quiz